India : Labour and employment scenario in the 21st century / (Record no. 66285)

MARC details
000 -LEADER
fixed length control field 00460nam a22001457a 4500
005 - DATE AND TIME OF LATEST TRANSACTION
control field 20180806153237.0
020 ## - INTERNATIONAL STANDARD BOOK NUMBER
International Standard Book Number 8177080083
Terms of availability 380.00
035 ## - SYSTEM CONTROL NUMBER
System control number B-058856, B-058858
037 ## - SOURCE OF ACQUISITION
Stock number DPL
Source of stock number/acquisition ENG
245 ## - TITLE STATEMENT
Title India : Labour and employment scenario in the 21st century /
Statement of responsibility, etc edited by V.S. Jafa
260 ## - PUBLICATION, DISTRIBUTION, ETC. (IMPRINT)
Place of publication, distribution, etc Delhi
Name of publisher, distributor, etc New Century Publications
Date of publication, distribution, etc 2001
300 ## - PHYSICAL DESCRIPTION
Extent xi, 211p.
Dimensions 20 cms.
700 ## - ADDED ENTRY--PERSONAL NAME
Personal name Jafa, V.S.
9 (RLIN) 46548
942 ## - ADDED ENTRY ELEMENTS (KOHA)
Source of classification or shelving scheme Dewey Decimal Classification
Item type English Books
Classification part 331.0954
Call number suffix IND
Holdings
Withdrawn status Lost status Not for loan Collection code Home library Current library Date acquired Cost, normal purchase price Full call number Barcode Cost, replacement price Koha item type Source of acquisition
      Non-fiction Sarojini Nagar Sarojini Nagar 07/05/2012 380.00 331.0954 IND B-058856 380.00 English Books  
      Non-fiction Shahdara Branch Shahdara Branch 06/08/2018 380.00 331.0954 IND B-058858 380.00 English Books BPPD/PUB

© Delhi Public Library
Hit Counter
free hit counter